Statistics for Economic Freedom US(Made up)

Click here to take the quiz!

General Stats

  • This quiz has been taken 6 times
  • The average score is 17 of 20

Answer Stats

EFIState% Correct
0.323Arizona
100%
0.305Florida
100%
0.280Hawaii
100%
0.247Maine
100%
0.900New Hampshire
100%
0.308New Jersey
100%
0.269New Mexico
100%
0.853North Carolina
100%
0.258Rhode Island
100%
0.909Texas
100%
0.264Vermont
100%
0.867Delaware
83%
0.855Nevada
83%
0.267Kentucky
67%
0.870Louisiana
67%
0.888Nebraska
67%
0.287West Virginia
67%
0.882Wyoming
67%
0.894Oregon
50%
0.861Utah
50%

Score Distribution

Percentile by Number Answered

Percent of People with Each Score

Your Score History

You have not taken this quiz